header

Toward better usability, security, and privacy of information technology (Record no. 239124)

MARC details
000 -LEADER
fixed length control field 01892nam a2200349 a 4500
245 10 - TITLE STATEMENT
Title Toward better usability, security, and privacy of information technology
260 ## - PUBLICATION, DISTRIBUTION, ETC. (IMPRINT)
Place of publication Washington, D.C. :
Name of publisher National Academies Press,
Year of publication 2010.
300 ## - PHYSICAL DESCRIPTION
Number of Pages xiv, 55 p.
650 #0 - SUBJECT ADDED ENTRY--TOPICAL TERM
Topical Term User interfaces (Computer systems)
Topical Term Information technology
Topical Term Privacy, Right of
Topical Term Electronic data processing
856 40 - ELECTRONIC LOCATION AND ACCESS
Uniform Resource Identifier http://site.ebrary.com/lib/rucke/Doc?id=10425164

No items available.

© 2026 Rongo University
Contact us: librarian | system librarian | Rongo university